000 00513nam a2200145Ia 4500
008 140724s9999 xx 000 0 und d
050 _aHF 5415.2
_b.G993 2012
100 _aGuzman, Beatrice Nicole T.
245 2 _aA marketing research and analysis for Manna Hydro Bio - Energy Catalyst /
_cBeatrice Nicole T. Guzman.
260 _aLas PiƱas, Philippines :
_bSouthville International School and Colleges,
_cc2012.
300 _a42 p. :
_bill. ;
_c28 cm.
521 _aMarketing
942 _cTH
999 _c229214
_d229214